Разработка математических моделей и оптимизация химико-технологических систем при нечеткости исходной информации (Запись № 10408575)
[ простой вид ]
| 000 -МАРКЕР | |
|---|---|
| контрольное поле | 02011nam0a2200337 i 4500 |
| 001 - ИДЕНТИФИКАТОР ЗАПИСИ | |
| контрольное поле | RU\NLR\BIBL_A\010567137 |
| 005 - ИДЕНТИФИКАТОР ВЕРСИИ | |
| контрольное поле | 20240921141824.0 |
| 010 ## - МЕЖДУНАРОДНЫЙ СТАНДАРТНЫЙ НОМЕР КНИГИ (ISBN) | |
| Номер (ISBN) | 9785913272768 |
| Тираж | 500 |
| 021 ## - НОМЕР ГОСУДАРСТВЕННОЙ РЕГИСТРАЦИИ | |
| Код страны | Российская Федерация |
| Номер | 2014-80966 |
| Номер Листа государственной регистраци | 4940 |
| 035 ## - ДРУГИЕ СИСТЕМНЫЕ НОМЕРА | |
| Идентификатор записи | (NILC)RuMoRGB-007573549 |
| 035 ## - ДРУГИЕ СИСТЕМНЫЕ НОМЕРА | |
| Идентификатор записи | (NLR Aleph) 010567137 |
| 100 ## - ДАННЫЕ ОБЩЕЙ ОБРАБОТКИ | |
| Данные общей обработки | 20141217d2014 k y0rusy50 ca |
| 101 0# - ЯЗЫК РЕСУРСА | |
| Язык текста, звукозаписи и т.д. | русский |
| 102 ## - СТРАНА ПУБЛИКАЦИИ ИЛИ ПРОИЗВОДСТВА | |
| Страна публикации | Российская Федерация |
| 105 ## - ПОЛЕ КОДИРОВАННЫХ ДАННЫХ: ТЕКСТОВЫЕ МАТЕРИАЛЫ, МОНОГРАФИЧЕСКИЕ | |
| Кодированные данные о монографическом текстовом документе | a|||z||||00yy |
| 200 1# - ЗАГЛАВИЕ И СВЕДЕНИЯ ОБ ОТВЕТСТВЕННОСТИ | |
| Основное заглавие | Разработка математических моделей и оптимизация химико-технологических систем при нечеткости исходной информации |
| Сведения, относящиеся к заглавию | монография |
| -- | учебное пособие для студентов высших учебных заведений, обучающихся по специальности 05.13.18 - "Математическое моделирование, численные методы и комплексы программ" |
| Первые сведения об ответственности | Б. Б. Оразбаев, Л. Т. Курмангазиева |
| Последующие сведения об ответственности | Рос. Акад. естествознания, Изд. дом Акад. естествознания |
| 210 ## - ПУБЛИКАЦИЯ, РАСПРОСТРАНЕНИЕ И ДР. | |
| Место издания, распространения и т.д. | Москва |
| Имя издателя, распространителя и т. д. | Издательский Дом Академии Естествознания |
| Дата издания, распространения и т.д. | 2014 |
| 215 ## - ФИЗИЧЕСКАЯ ХАРАКТЕРИСТИКА | |
| Специфическое обозначение материала и объем | 161 с. |
| Другие сведения о физической характеристике | ил. |
| Размеры | 20 |
| 313 ## - ПРИМЕЧАНИЯ, ОТНОСЯЩИЕСЯ К ТЕМАТИЧЕСКОМУ ДОСТУПУ | |
| Текст примечания | нефтепереработка |
| 320 ## - ПРИМЕЧАНИЯ О НАЛИЧИИ В ДОКУМЕНТЕ БИБЛИОГРАФИИ / УКАЗАТЕЛЯ | |
| Текст примечания | Библиогр.: с. 122-132 (151 назв.) |
| 606 1# - НАИМЕНОВАНИЕ ТЕМЫ КАК ПРЕДМЕТ | |
| Наименование темы | Нефть |
| Тематический подзаголовок | Переработка |
| -- | Информационные технологии |
| Системный номер авторитетной/нормативной записи | 2332820 |
| Идентификатор авторитетной/нормативной записи | RU\NLR\AUTH\661394890 |
| 606 1# - НАИМЕНОВАНИЕ ТЕМЫ КАК ПРЕДМЕТ | |
| Наименование темы | Нефть |
| Тематический подзаголовок | Переработка |
| -- | Оптимизация |
| -- | Математические методы |
| Системный номер авторитетной/нормативной записи | 1682881 |
| Идентификатор авторитетной/нормативной записи | RU\NLR\AUTH\66747312 |
| 686 1# - ИНДЕКСЫ ДРУГИХ КЛАССИФИКАЦИЙ | |
| Индекс | Л54-1с11 |
| 700 #1 - ИМЯ ЛИЦА - ПЕРВИЧНАЯ ОТВЕТСТВЕННОСТЬ | |
| Начальный элемент ввода | Оразбаев |
| Часть имени, кроме начального элемента ввода | Б. Б. |
| Расширение инициалов личного имени | Батыр Бидайбекович |
| 701 #1 - ИМЯ ЛИЦА - АЛЬТЕРНАТИВНАЯ ОТВЕТСТВЕННОСТЬ | |
| Начальный элемент ввода | Курмангазиева |
| Часть имени, кроме начального элемента ввода | Л. Т. |
| Расширение инициалов личного имени | Ляйля Таскалиевна |
| 801 #0 - ИСТОЧНИК ЗАПИСИ | |
| Страна | Российская Федерация |
| Организация | РГБ |
| Дата составления | 20141027 |
| Правила каталогизации | RCR |
| 942 ## - ДОПОЛНИТЕЛЬНЫЕ ЭЛЕМЕНТЫ ЗАПИСИ (АБИС) | |
| Тип экземпляра АБИС | Книга |
| 980 ## - КОЛЛЕКЦИЯ | |
| Название коллекции | НБР |
Нет доступных экземпляров.